书目信息 |
| 题名: |
专业教学计划汇编
|
|
| 作者: | ;河南城建高等专科学校教务处 | |
| 分册: | ||
| 出版信息: |
|
|
| 页数: | ||
| 开本: | ||
| 丛书名: | ||
| 单 册: | ||
| 中图分类: | G64 | |
| 科图分类: | ||
| 主题词: | 教育--各级 | |
| 电子资源: | ||
| ISBN: | ||
| 000 | 00551nam0 2200145 450 | |
| 001 | 1636571011 | |
| 005 | 20160620101111.02 | |
| 100 | @a20160620d km y0chiy0120 ea | |
| 101 | 0 | @achi |
| 200 | 1 | @a专业教学计划汇编@Azhuan ye jiao xue ji hua hui bian@f河南城建高等专科学校教务处@Fhe nan cheng jian gao deng zhuan ke xue xiao jiao wu chu |
| 606 | 0 | @a教育@x各级 |
| 690 | @aG64@v4 | |
| 711 | 02 | @a河南城建高等专科学校教务处@Ahe nan cheng jian gao deng zhuan ke xue xiao jiao wu chu |
| 801 | 0 | @aCN@b大连网信软件有限公司图书馆·11@c20160620 |
| 905 | @aZUCC@dG64@eH2625 | |
| 专业教学计划汇编/河南城建高等专科学校教务处 |
| ISBN : |
| ● |
| 相关链接 |
|
|
|
正题名:专业教学计划汇编
索取号:G64/H2625
 
预约/预借
| 序号 | 登录号 | 条形码 | 馆藏地/架位号 | 状态 | 备注 |
| 1 | 1235979 | 212359794 | 城院文库/ [索取号:G64/H2625] | 在馆 |